00510nam a2200181 a 450000100060000000300090000600800410001502000150005604000280007108200200009910000280011924500560014726000300020330000110023349000210024465000430026565000200030815171CO-ViMGA141112s2004 ck r 000 u spa d a9586901092 aCO-ViMGAbspacCO-ViMGA04a349.861023 C6561 aArboleda Vallejo, Mario10aCódigo de procedimiento penal : bley 600 de 2000 aBogotá, cLeyer, c2002 a900.p. aCódigos Brevis14aDERECHO PENAL - LEGISLACION COLOMBIANA14aLEY 600 DE 2000